000 00307nam a2200121 a 4500
008 110105s1975|||| d
245 1 0 _aImperializmus ako najvyššie štádium kapitalizmu
100 1 _aLenin, V. I.
260 _bPravda
_aBratislava
_c1975
020 _c4
044 _axo
_cSK
041 _aslo
999 _c15486
_d15486